000 00451nam a2200193Ia 4500
005 20240823051158.0
008 240823s9999||||xx |||||||||||||| ||und||
020 _a81-240-1819-7
041 _aMALAYALAM
082 _A150 Q3
100 _aJohnson Eyeroor
245 0 _aBalathkaram Cheyyappedunna Manassu
250 _a1st
260 _c2013
_bCurrent Book
500 _aYES
650 _aPsychology
_bGeneral
942 _cBK
999 _c218974
_d218974